| 000 | 00000nmm##2200000za#4500 |
| 001 | 9.682256 |
| 003 | CaOODSP |
| 005 | 20210615132818 |
| 007 | cj ||||||||||| |
| 008 | 150407|2002||||xxc |q d#f fre|d |
| 040 | |aCaOODSP|bfre |
| 043 | |an-cn--- |
| 086 | 1 |aRH34-5/2002F-MR |
| 110 | 1 |aCanada.|bDéveloppement des ressources humaines Canada. |bDirection générale de l'investissement dans les ressources humaines. |
| 245 | 10|aTu cherches un emploi? |h[ressource électronique] |
| 260 | |aOttawa - Ontario : |bDéveloppement des ressources humaines Canada. |c[2002?]. |
| 300 | |a1 disquette. |
| 520 | 3 |aQue tu sois à la recherche de ton premier emploi, un étudiant en recherche d’emploi ou quelqu’un qui cherche à changer de travail, Tu cherches un emploi? peut t’aider dans ta recherche d’emploi ou pour planifier ton cheminement de carrière. |
| 590 | |a03-39|b2003-09-26 |
| 691 | 07|aApprentissage|2gcpds |
| 691 | 07|aInnovation|2gcpds |
| 775 | 08|tLooking for a job? |w(CaOODSP)9.649015 |
| 776 | 0#|tLe savoir, clé de notre avenir : |w(CaOODSP)9.631203 |
| 776 | 0#|tTu cherches un emploi? |w(CaOODSP)9.681884 |
| 776 | 0#|tTu cherches un emploi? / |w(CaOODSP)9.682316 |
| 776 | 0#|tTu cherches un emploi? |w(CaOODSP)9.682317 |